000 00257nam a2200109Ia 4500
008 200302s9999 xx 000 0 und d
100 _aAuthor
245 _aThe Decision to Build
260 _bHer Majesty s Stationery Office
260 _c1970
300 _a20 P.,
999 _c511
_d511